Countries Starting With G - Statistics

General Stats
  • This quiz has been taken 22 times
  • The average score is 9 of 11
Answer Stats
Country % Correct
Guinea
92%
Gabon
83%
Gambia
83%
Germany
83%
Ghana
83%
Greece
83%
Grenada
83%
Guatemala
83%
Guinea Bissau
83%
Guyana
75%
Georgia
50%
No matching quizzes found
Score Distribution
Percent of People with Each Score
Percentile by Number Answered
Your Score History
You have not taken this quiz